[Event "GER-ch50 V07 email"]
[Site "GER email"]
[Date "2018.05.15"]
[Round "?"]
[White "Lukas, Norbert"]
[Black "Uecker, Dieter"]
[Result "1/2-1/2"]
[WhiteElo "2367"]
[BlackElo "2252"]
[PlyCount "43"]
[EventDate "2018.??.??"]
[EventType "tourn (corr)"]
[EventRounds "10"]
[EventCountry "GER"]
[SourceTitle "Corr 2020"]
[Source "ChessBase"]
[SourceDate "2019.09.30"]
[SourceVersion "1"]
[SourceVersionDate "2019.09.30"]
[SourceQuality "1"]

1. e4 e5 2. Nf3 Nc6 3. Bc4 Bc5 4. 0-0 Nf6 5. d3 0-0 6. c3 d6 7. Bb3 a6 8. Nbd2 Ba7 9. h3 h6 10. Re1 Re8 11. Nf1 Be6 12. Be3 Bxe3 13. Nxe3 Qd7 14. Nh4 Rad8 15. Bxe6 fxe6 16. Rc1 Qf7 17. Ng4 Rf8 18. Nxf6+ Qxf6 19. Nf3 Ne7 20. Re3 c5 21. Rc2 Ng6 22. g3 1/2-1/2

[Event "GER-ch50 V07 email"]
[Site "GER email"]
[Date "2018.05.15"]
[Round "?"]
[White "Uecker, Dieter"]
[Black "Zordick, Milon"]
[Result "1/2-1/2"]
[WhiteElo "2252"]
[BlackElo "2314"]
[PlyCount "58"]
[EventDate "2018.??.??"]
[EventType "tourn (corr)"]
[EventRounds "10"]
[EventCountry "GER"]
[SourceTitle "Corr 2020"]
[Source "ChessBase"]
[SourceDate "2019.09.30"]
[SourceVersion "1"]
[SourceVersionDate "2019.09.30"]
[SourceQuality "1"]

1. e4 e5 2. Nf3 Nc6 3. Bb5 a6 4. Ba4 Nf6 5. 0-0 Be7 6. Re1 b5 7. Bb3 d6 8. c3 0-0 9. h3 Nb8 10. d4 Nbd7 11. Nbd2 Bb7 12. Bc2 c5 13. Nf1 exd4 14. cxd4 cxd4 15. Nxd4 Re8 16. Nf5 Bf8 17. Nxd6 Bxd6 18. Qxd6 Bxe4 19. Bxe4 Nxe4 20. Qd4 Ndf6 21. Be3 Nd5 22. Rad1 Nxe3 23. Rxe3 Qxd4 24. Rxd4 Nc5 25. Rxe8+ Rxe8 26. Ne3 Na4 27. Rd2 g6 28. g4 a5 29. Rd5 Rb8 1/2-1/2

[Event "GER-ch49 V02 email"]
[Site "GER email"]
[Date "2017.04.03"]
[Round "?"]
[White "Mehlhorn, Uwe"]
[Black "Uecker, Dieter"]
[Result "1-0"]
[WhiteElo "2355"]
[BlackElo "2305"]
[PlyCount "121"]
[EventDate "2017.??.??"]
[EventType "tourn (corr)"]
[EventRounds "10"]
[EventCountry "GER"]
[SourceTitle "Corr 2020"]
[Source "ChessBase"]
[SourceDate "2019.09.30"]
[SourceVersion "1"]
[SourceVersionDate "2019.09.30"]
[SourceQuality "1"]

1. Nf3 Nf6 2. c4 c5 3. Nc3 Nc6 4. g3 g6 5. Bg2 Bg7 6. 0-0 0-0 7. d4 cxd4 8. Nxd4 Nxd4 9. Qxd4 d6 10. Qd3 a6 11. Bd2 Rb8 12. Rac1 Bd7 13. Rfd1 Bc6 14. e4 Nd7 15. Qe2 b5 16. cxb5 axb5 17. b3 b4 18. Nd5 Bxd5 19. exd5 Nc5 20. Rc2 Bf6 21. h4 h5 22. Bh6 Re8 23. Rc4 Qa5 24. Bh3 Red8 25. g4 hxg4 26. Rxg4 Qa6 27. Qc2 Kh8 28. Bg5 Ra8 29. Rd2 Nd7 30. Rxb4 Qa3 31. Bxf6+ Nxf6 32. Rc4 Kg7 33. Bg4 Qa5 34. a4 Rab8 35. Rd1 Nxd5 36. b4 Nxb4 37. Qc3+ Kh7 38. Kg2 d5 39. Rf4 d4 40. Rxf7+ Kg8 41. Rxd4 Rxd4 42. Be6 Qb6 43. Qxd4 Qxd4 44. Rf4+ Kg7 45. Rxd4 Kf6 46. Bd7 e5 47. Rc4 Nd3 48. Bb5 Ke6 49. Rc3 Nf4+ 50. Kf3 Kd5 51. Rc2 Ne6 52. Bc4+ Kd6 53. Bxe6 Kxe6 54. Ra2 Ra8 55. a5 Ra6 56. Ke4 Kd6 57. Rd2+ Ke7 58. Rd5 Ke6 59. Rxe5+ Kd6 60. h5 gxh5 61. Rxh5 1-0

[Event "GER-ch49 V02 email"]
[Site "GER email"]
[Date "2017.04.03"]
[Round "?"]
[White "Roeckendorf, Paul Uwe"]
[Black "Uecker, Dieter"]
[Result "1-0"]
[WhiteElo "2285"]
[BlackElo "2305"]
[PlyCount "123"]
[EventDate "2017.??.??"]
[EventType "tourn (corr)"]
[EventRounds "10"]
[EventCountry "GER"]
[SourceTitle "Corr 2020"]
[Source "ChessBase"]
[SourceDate "2019.09.30"]
[SourceVersion "1"]
[SourceVersionDate "2019.09.30"]
[SourceQuality "1"]

1. e4 c5 2. Nf3 Nc6 3. d4 cxd4 4. Nxd4 Nf6 5. Nc3 d6 6. Bg5 e6 7. Qd2 a6 8. 0-0-0 Bd7 9. f4 b5 10. Bxf6 gxf6 11. Nxc6 Bxc6 12. f5 Qb6 13. Kb1 Qc5 14. Bd3 b4 15. Ne2 e5 16. c3 a5 17. cxb4 Qxb4 18. Qc2 Ba4 19. b3 Rb8 20. Qc4 Be7 21. Qxb4 Rxb4 22. Nc3 Bc6 23. Bc4 Rg8 24. Bd5 Bd7 25. g3 Kf8 26. Bc4 Bc6 27. Rd3 Rb8 28. Kc2 Kg7 29. Kd2 Rgc8 30. Rd1 a4 31. Ke2 Be8 32. Kf3 Rc5 33. h4 axb3 34. axb3 Ra5 35. Rc1 Ra3 36. Rc2 Kf8 37. Ra2 Rxa2 38. Nxa2 Ra8 39. Nc3 Ra7 40. Rd1 Bd7 41. Ke2 Kg7 42. g4 Ra3 43. Kd3 Kf8 44. Rd2 Bc6 45. Kc2 h6 46. h5 Bd7 47. Bb5 Bc8 48. Kb2 Ra8 49. b4 Rb8 50. Kb3 Bb7 51. Bc4 d5 52. exd5 Bd6 53. Ra2 Ke8 54. Ra7 Kd8 55. Nb5 Kd7 56. Bd3 Bf8 57. Nc3 Kd8 58. Bb5 Bd6 59. Ka4 Bf8 60. Ne4 Bg7 61. Nc5 Kc7 62. Bc6 1-0

[Event "GER-ch49 V02 email"]
[Site "GER email"]
[Date "2017.04.03"]
[Round "?"]
[White "Tornow, Michael"]
[Black "Uecker, Dieter"]
[Result "1/2-1/2"]
[WhiteElo "2310"]
[BlackElo "2305"]
[PlyCount "95"]
[EventDate "2017.??.??"]
[EventType "tourn (corr)"]
[EventRounds "10"]
[EventCountry "GER"]
[SourceTitle "Corr 2020"]
[Source "ChessBase"]
[SourceDate "2019.09.30"]
[SourceVersion "1"]
[SourceVersionDate "2019.09.30"]
[SourceQuality "1"]

1. d4 Nf6 2. Nf3 d5 3. c4 c6 4. Nc3 e6 5. g3 dxc4 6. Bg2 Nbd7 7. 0-0 Be7 8. e4 0-0 9. Bf4 Re8 10. a4 a5 11. Qe2 b6 12. Rfd1 Ba6 13. Nd2 Bf8 14. Nxc4 Nd5 15. Bd2 Rc8 16. b3 c5 17. exd5 cxd4 18. d6 dxc3 19. Bxc3 Qg5 20. Bd2 Qf6 21. Be3 Red8 22. Qd2 Qf5 23. Nxb6 Rc2 24. Qd4 Nf6 25. Qf4 Ng4 26. Qxf5 exf5 27. Nd5 Rxd6 28. Bf4 Rdc6 29. b4 Nxf2 30. b5 Nxd1 31. Rxd1 Bxb5 32. axb5 Re6 33. Be3 Rb2 34. Bd4 Rxb5 35. Nc7 Rb8 36. Nxe6 fxe6 37. Rc1 a4 38. Bf1 Rd8 39. Be3 a3 40. Rc6 Kf7 41. Bc4 Bd6 42. Kf1 h6 43. Ke2 g5 44. Bb6 Rd7 45. Bc5 Ke7 46. Rxd6 Rxd6 47. Bxa3 Kd7 48. Bxd6 1/2-1/2

[Event "GER-ch49 V02 email"]
[Site "GER email"]
[Date "2017.04.03"]
[Round "?"]
[White "Uecker, Dieter"]
[Black "Hamann, Henner"]
[Result "1/2-1/2"]
[WhiteElo "2305"]
[BlackElo "2312"]
[PlyCount "62"]
[EventDate "2017.??.??"]
[EventType "tourn (corr)"]
[EventRounds "10"]
[EventCountry "GER"]
[SourceTitle "Corr 2020"]
[Source "ChessBase"]
[SourceDate "2019.09.30"]
[SourceVersion "1"]
[SourceVersionDate "2019.09.30"]
[SourceQuality "1"]

1. e4 c5 2. Nf3 Nc6 3. d4 cxd4 4. Nxd4 Nf6 5. Nc3 e5 6. Ndb5 d6 7. Bg5 a6 8. Na3 b5 9. Nd5 Be7 10. Bxf6 Bxf6 11. c3 Rb8 12. Nc2 0-0 13. h4 Be7 14. Nce3 Be6 15. Qf3 Qd7 16. Rd1 Bd8 17. Be2 Ne7 18. h5 h6 19. 0-0 Qc8 20. Nxe7+ Bxe7 21. Nf5 Qd7 22. b3 Rfc8 23. Rd3 Rc6 24. Nxe7+ Qxe7 25. Qg3 Rbc8 26. Rfd1 Qd7 27. Qe3 Qc7 28. Rc1 Rd8 29. Rcd1 Rc8 30. Rc1 Rd8 31. Rcd1 Rc8 1/2-1/2

[Event "GER-ch49 V02 email"]
[Site "GER email"]
[Date "2017.04.03"]
[Round "?"]
[White "Uecker, Dieter"]
[Black "Schott, Detlef"]
[Result "1/2-1/2"]
[WhiteElo "2305"]
[BlackElo "2301"]
[PlyCount "61"]
[EventDate "2017.??.??"]
[EventType "tourn (corr)"]
[EventRounds "10"]
[EventCountry "GER"]
[SourceTitle "Corr 2017"]
[Source "ChessBase"]
[SourceDate "2017.09.19"]
[SourceVersion "1"]
[SourceVersionDate "2017.09.19"]
[SourceQuality "1"]

1. e4 e6 2. d4 d5 3. Nc3 Nf6 4. e5 Nfd7 5. f4 c5 6. Nf3 Nc6 7. Be3 Be7 8. Qd2 0-0 9. Be2 a6 10. 0-0 b5 11. a3 Bb7 12. Kh1 Qc7 13. dxc5 Nxc5 14. Qe1 f6 15. exf6 Rxf6 16. Rd1 Nd7 17. Ng5 h6 18. Nxe6 Rxe6 19. Nxd5 Qd8 20. Bf2 Bf8 21. Nc7 Rg6 22. Bh5 Rxg2 23. Qe6+ Kh8 24. Bf3 Qxc7 25. Qxd7 Nd4 26. Qxc7 Bxf3 27. Bxd4 Rf2+ 28. Kg1 Rg2+ 29. Kh1 Rf2+ 30. Kg1 Rg2+ 31. Kh1 1/2-1/2

[Event "GER-ch48 sf03 email"]
[Site "GER email"]
[Date "2016.07.03"]
[Round "?"]
[White "Emrich, Eiko"]
[Black "Uecker, Dieter"]
[Result "1/2-1/2"]
[WhiteElo "2308"]
[BlackElo "2305"]
[PlyCount "89"]
[EventDate "2016.??.??"]
[EventType "tourn (corr)"]
[EventRounds "12"]
[EventCountry "GER"]
[SourceTitle "Corr 2017"]
[Source "ChessBase"]
[SourceDate "2017.09.19"]
[SourceVersion "1"]
[SourceVersionDate "2017.09.19"]
[SourceQuality "1"]

1. Nf3 Nf6 2. g3 d5 3. Bg2 c5 4. 0-0 Nc6 5. d4 e6 6. c4 dxc4 7. dxc5 Qxd1 8. Rxd1 Bxc5 9. Nbd2 c3 10. bxc3 0-0 11. Nb3 Be7 12. Bb2 Bd7 13. c4 Rfd8 14. Nfd4 Rac8 15. Nb5 b6 16. Nd6 Rc7 17. Ba3 Ne5 18. Nb5 Bxb5 19. Rxd8+ Bxd8 20. cxb5 Be7 21. Bxe7 Rxe7 22. Rc1 g5 23. Nd4 Kg7 24. Rc8 Rd7 25. e3 Nd3 26. Bc6 Re7 27. h3 Nc5 28. g4 h6 29. Kg2 Nfe4 30. Bxe4 Nxe4 31. Kf3 Nd2+ 32. Ke2 Ne4 33. a4 Rd7 34. Rc4 Nd6 35. Rc2 e5 36. Nc6 Rc7 37. f3 f6 38. f4 Nb7 39. fxe5 fxe5 40. Kd3 Kf6 41. Rf2+ Ke6 42. Rf8 Rd7+ 43. Kc3 Nd6 44. Rh8 Kd5 45. Rxh6 1/2-1/2

[Event "GER-ch48 sf03 email"]
[Site "GER email"]
[Date "2016.07.03"]
[Round "?"]
[White "Uecker, Dieter"]
[Black "Heide, Eckhard"]
[Result "0-1"]
[WhiteElo "2305"]
[BlackElo "2263"]
[PlyCount "40"]
[EventDate "2016.??.??"]
[EventType "tourn (corr)"]
[EventRounds "12"]
[EventCountry "GER"]
[SourceTitle "Corr 2020"]
[Source "ChessBase"]
[SourceDate "2019.09.30"]
[SourceVersion "1"]
[SourceVersionDate "2019.09.30"]
[SourceQuality "1"]

1. e4 c5 2. Nf3 d6 3. d4 cxd4 4. Nxd4 Nf6 5. Nc3 a6 6. Bg5 e6 7. f4 Be7 8. Qf3 Qc7 9. 0-0-0 Nbd7 10. g4 b5 11. Bxf6 Nxf6 12. g5 Nd7 13. f5 Bxg5+ 14. Kb1 Ne5 15. Qh5 Qd8 16. h4 Bf6 17. fxe6 0-0 18. Bh3 Kh8 19. Nd5 fxe6 20. Bxe6 Bb7 0-1

[Event "GER-ch48 sf03 email"]
[Site "GER email"]
[Date "2016.07.03"]
[Round "?"]
[White "Uecker, Dieter"]
[Black "Koentges, Markus"]
[Result "0-1"]
[WhiteElo "2305"]
[BlackElo "2356"]
[PlyCount "116"]
[EventDate "2016.??.??"]
[EventType "tourn (corr)"]
[EventRounds "12"]
[EventCountry "GER"]
[SourceTitle "Corr 2017"]
[Source "ChessBase"]
[SourceDate "2017.09.19"]
[SourceVersion "1"]
[SourceVersionDate "2017.09.19"]
[SourceQuality "1"]

1. d4 Nf6 2. c4 e6 3. Nf3 d5 4. Nc3 c6 5. e3 Nbd7 6. Qc2 Bd6 7. Be2 0-0 8. 0-0 dxc4 9. Bxc4 a6 10. Rd1 b5 11. Be2 Qc7 12. e4 e5 13. g3 Re8 14. a3 h6 15. b4 Bb7 16. Be3 Ng4 17. Bc1 Ndf6 18. Bb2 Qb6 19. Rac1 a5 20. Nxe5 Nxf2 21. Kxf2 Bxe5 22. Kg2 axb4 23. axb4 Bxd4 24. Nd5 cxd5 25. Bxd4 Qe6 26. e5 Rec8 27. Qb2 Ne4 28. Rxc8+ Rxc8 29. Kg1 Ng5 30. h4 Ne4 31. Rd3 Rc7 32. Re3 Qc8 33. e6 fxe6 34. Bd3 Rf7 35. Re2 Rf3 36. Re3 Rxe3 37. Bxe3 Nxg3 38. Qe5 Nf5 39. Kf2 Nxe3 40. Kxe3 Bc6 41. Qd6 Be8 42. Kd2 Bf7 43. Bxb5 Qf8 44. Qc5 Bg6 45. Qd4 Be4 46. Be2 Qf4+ 47. Qe3 Qxh4 48. b5 Bf5 49. Bd3 Qb4+ 50. Ke2 Bxd3+ 51. Qxd3 Kf7 52. Kf2 g6 53. Qf3+ Ke7 54. Qg3 Qxb5 55. Qxg6 Qc5+ 56. Ke2 d4 57. Qxh6 e5 58. Qh7+ Ke6 0-1